ბათუმის შოთა რუსთაველის სახელმწიფო უნივერსიტეტის ბიბლიოთეკა

Пестрые рассказы / (ბიბ.ჩანაწერი № 61111)

000 -LEADER
fixed length control field 00697nam a22001697a 4500
005 - DATE AND TIME OF LATEST TRANSACTION
control field 20231220115948.0
008 - FIXED-LENGTH DATA ELEMENTS--GENERAL INFORMATION
fixed length control field 231220s1963 ru ||||| |||| 00| 0 rus d
041 ## - LANGUAGE CODE
Language code of text/sound track or separate title rus
080 ## - UNIVERSAL DECIMAL CLASSIFICATION NUMBER
Universal Decimal Classification number 821.14'01-3 Э-46
100 ## - MAIN ENTRY--PERSONAL NAME
Personal name Элиан, К.
9 (RLIN) 20802
245 ## - TITLE STATEMENT
Title Пестрые рассказы /
Statement of responsibility, etc. Элиан; пер. с древнегреч. С. В. Поляковой.
264 ## - PRODUCTION, PUBLICATION, DISTRIBUTION, MANUFACTURE, AND COPYRIGHT NOTICE
Place of production, publication, distribution, manufacture Москва ; Ленинград :
Name of producer, publisher, distributor, manufacturer Издательство Академии наук СССР,
Date of production, publication, distribution, manufacture, or copyright notice 1963.
300 ## - PHYSICAL DESCRIPTION
Extent 185 c. :
Other physical details ил. ;
Dimensions 22 cм.
440 ## - SERIES STATEMENT/ADDED ENTRY--TITLE
Title Литературные Памятники
9 (RLIN) 20365
653 ## - INDEX TERM--UNCONTROLLED
keyword ბერძნული მოთხრობები
942 ## - ADDED ENTRY ELEMENTS (KOHA)
Source of classification or shelving scheme
Koha item type წიგნი
ეგზემპლარები
Withdrawn status Lost status Source of classification or shelving scheme Damaged status Not for loan Permanent Location Current Location Shelving location Date acquired Cost, normal purchase price Full call number Barcode Date last seen Copy number Uniform Resource Identifier Price effective from Koha item type Public note
          ბათუმის შოთა რუსთაველის სახელმწიფო უნივერსიტეტის მთავარი ბიბლიოთეკა ბათუმის შოთა რუსთაველის სახელმწიფო უნივერსიტეტის მთავარი ბიბლიოთეკა წიგნსაცავი 2023-12-20 6.00 821.14'01-3 Э-46 65626 2023-12-20 65626 ბსუ-ს საპატიო დოქტორის გურამ ლორთქიფანიძის საჩუქარი 2023-12-20 წიგნი 6 ლ.